| 000 | 00987nam a2200241 i 4500 | ||
|---|---|---|---|
| 001 | 167249 | ||
| 003 | ES-MaACL | ||
| 005 | 20250818063105.0 | ||
| 008 | 050922q18691871fr a | |||||||| ||fre d | ||
| 040 |
_aCAM _bspa _cCAM |
||
| 100 | 1 |
_aVerne, Jules, _d1828-1905 _9188654 |
|
| 245 | 1 | 0 |
_aDe la terre a la lune _b: trajet direct en 97 heures, 20 minutes / _cpar Jules Verne ; 41 dessins et une carte par De Montaut. |
| 260 |
_aParis : _bJ. Hetzel, _c[s.a.] ( _fImprimé chez Jules Bonaventure) |
||
| 300 |
_a169, [2] p. : _bil. ; _c27 cm. |
||
| 490 | 1 | _aLes voyages extraordinaires | |
| 490 | 1 | _aBibliothèque d'éducation et de récreation | |
| 596 | _aHetzel y Bonaventure parece que ejercen juntos ca. 1869-1871, según consta en CCPB. | ||
| 700 | 1 |
_aDe Montaut. _9126713 |
|
| 830 | 0 | 4 |
_aLes voyages extraordinaires _9188647 |
| 830 | 0 | 0 |
_aBibliothèque d'éducation et de récréation _9188119 |
| 852 |
_aES-MaACL _jC-2761(2) _z-- Enc. hol. |
||
| 999 |
_c167249 _d167249 |
||